Cuenca del Río Campoalegre : (Registro nro. 8593)

Detalles MARC
000 -CABECERA
Campo de control 01034nam a22002177a 4500
005 - FECHA Y HORA DE LA ULTIMA TRANSACCION
Campo de control 20140827131957.0
008 - ELEMENTOS DE LONGITUD FIJA—INFORMACION GENERAL
Campo de control 150814 | 2009 ck spa
020 ## - ISBN
ISBN 9789588370040
041 ## - IDIOMA
Código de idioma para texto/pista de sonido o título separado Español
044 ## - PAÍS DE PUBLICACIÓN
País de publicación Colombia
082 ## - NUMERO DE CLASIFICACION DECIMAL DEWEY
Número de clasificación 551.483
Número del ítem V15p
110 2# - ASIENTO PRINCIPAL--NOMBRE CORPORATIVO
Nombre corporativo o de jurisdicción como elemento de entrada Corporación Autónoma Regional de Risaralda - CARDER
245 10 - MENCION DE TITULO
Título Cuenca del Río Campoalegre :
Parte restante del título Plan de Ordenamiento y Manejo /
Mención de responsabilidad Martha Yazmín, Valencia Valencia...(et al.)
260 ## - PUBLICACION, DISTRIBUCION, ETC. (PIE DE IMPRENTA)
Lugar de publicación, distribución, etc. Pereira, Colombia
Nombre del editor, distribuidor, etc. Corporación Autónoma Regional de Risaralda - CARDER
-- Parques Nacionales de Colombia
-- Corporación Autónoma Regional de Caldas - CORPOCALDAS
Fecha de publicación, distribución, etc. 2009
300 ## - DESCRIPCION FISICA
Extensión 166 p.
Otros detalles físicos Fot. (col.), mapas
Dimensiones 28 cm.
650 #6 - ASIENTO SECUNDARIO DE MATERIA - TERMINO TEMATICO
Término temático o nombre geográfico como elemento de entrada Cuencas hidrográficas
Subdivisión geográfica Caldas (Dpt. Colombia)
650 #6 - ASIENTO SECUNDARIO DE MATERIA - TERMINO TEMATICO
Término temático o nombre geográfico como elemento de entrada Manejo de cuencas hidrográficas
Subdivisión geográfica Caldas (Dpt. Colombia)
650 #6 - ASIENTO SECUNDARIO DE MATERIA - TERMINO TEMATICO
Término temático o nombre geográfico como elemento de entrada Conservación de cuencas
Subdivisión geográfica Caldas (Dpt. Colombia)
700 1# - ASIENTO SECUNDARIO - NOMBRE PERSONAL
Nombre personal Valencia-Valencia, Martha Yazmin
Término de relación comp.
942 ## - ELEMENTOS ADICIONALES (KOHA)
Sistema de clasificación Dewey Decimal Classification
Tipo de ítem Libro
Existencias
Withdrawn status Lost status Sistema de Clasificación Damaged status No para préstamo Colección Inventariado Ubicación Permanente Ubicación actual Fecha de adquisición Fuente de Valor Valor Total Checkouts Número topográfico Inventario / Código de Barras Date last seen Ejemplar Price effective from Forma de adquisición Tipo de material
    Dewey Decimal Classification     General Inventariado 2017 Bogotá Bogotá 08/08/2014 Instituto 39000.00   LB-551.483 V15p 034528 08/08/2014 Ej. 1 08/08/2014   Libro